Normal view
MARC view
Entry Personal Name
001 - CONTROL NUMBER
- control field: 34333
003 - CONTROL NUMBER IDENTIFIER
- control field: ARRUPE
005 - DATE AND TIME OF LATEST TRANSACTION
- control field: 20170802090017.0
008 - FIXED-LENGTH DATA ELEMENTS
- fixed length control field: 170802|| aca||aabn | a|a d
040 ## - CATALOGING SOURCE
- Original cataloging agency: ARRUPE
- Transcribing agency: ARRUPE
100 ## - HEADING--PERSONAL NAME
- Personal name: Pereboom, Derk, 1957- (ed.)
670 ## - SOURCE DATA FOUND
- Source citation: Work cat.: (ARRUPE)92958: The rationalists : critical essays on Descartes, Spinoza, and Leibniz, c1999.